Ako sme na tom s ESG?

Skratka ESG súvisí so snahou EÚ o vyššiu udržateľnosť a skrývajú sa pod ňou aj nové výzvy pre firmy. Nefinančný reporting troch aspektov - environmentálneho, sociálneho a vedenia spoločnosti, by ich mal totiž motivovať k tomu, aby viac dbali na dopady svojej činnosti na spoločnosť aj na životné pros...

Ausführliche Beschreibung

Gespeichert in:
Bibliographische Detailangaben
1. Verfasser: Alenová, Gabriela
Format: Buchkapitel
Sprache:Slowakisch
Schlagworte:
Tags: Tag hinzufügen
Keine Tags, Fügen Sie das erste Tag hinzu!

MARC

LEADER 00000naa a2200000 4500
001 0304141
005 20241031101905.8
041 0 |a slo 
044 |a SK 
245 1 0 |a Ako sme na tom s ESG?  |c Gabriela Alenová 
520 |a Skratka ESG súvisí so snahou EÚ o vyššiu udržateľnosť a skrývajú sa pod ňou aj nové výzvy pre firmy. Nefinančný reporting troch aspektov - environmentálneho, sociálneho a vedenia spoločnosti, by ich mal totiž motivovať k tomu, aby viac dbali na dopady svojej činnosti na spoločnosť aj na životné prostredie. Povinnosť zverejňovať tieto dáta sa bude onedlho týkať aj stoviek malých a stredných podnikov v SR, veľká časť z nich však nie je na nové úlohy pripravená. 
610 2 0 |a reporting 
610 2 0 |a udržateľnosť 
610 2 0 |a zodpovednosť podniku spoločenská 
610 2 0 |a štandardy 
610 2 0 |a environmentalistika 
610 2 0 |a ESG 
100 1 |a Alenová, Gabriela